Decision and estimation (Record no. 63409)

MARC details
000 -LEADER
fixed length control field 01148nam a2200193 a 4500
008 - FIXED-LENGTH DATA ELEMENTS--GENERAL INFORMATION
fixed length control field 120416s1978 ||||||||||||||||| || u
020 ## - INTERNATIONAL STANDARD BOOK NUMBER
International Standard Book Number 0070414688
050 ## - LIBRARY OF CONGRESS CALL NUMBER
Classification number QA 279.4 Mel
100 ## - MAIN ENTRY--PERSONAL NAME
Personal name Melsa, James L
245 10 - TITLE STATEMENT
Title Decision and estimation
260 ## - PUBLICATION, DISTRIBUTION, ETC.
Place of publication, distribution, etc. New York
Name of publisher, distributor, etc. McGraw-Hill
Date of publication, distribution, etc. 1978
300 ## - PHYSICAL DESCRIPTION
Extent xii, 273p. : ill
350 ## -
-- 0.00
995 ## -
-- ANNEX COLLECTION (Main Library)
-- 0.00
-- 710847
-- CBU-MAIN LIBRARY (Kitwe)
-- 1
-- 10.95
-- QA 279.4 Mel
-- 1
-- AVAILABLE
-- 011447
-- Annex Low-Usage Collection
995 ## -
-- ANNEX COLLECTION (Main Library)
-- 0.00
-- 710850
-- CBU-MAIN LIBRARY (Kitwe)
-- 4
-- 10.95
-- QA 279.4 Mel
-- 4
-- AVAILABLE
-- 011450
-- Annex Low-Usage Collection
995 ## -
-- ANNEX COLLECTION (Main Library)
-- 0.00
-- 710846
-- CBU-MAIN LIBRARY (Kitwe)
-- 2
-- 10.95
-- QA 279.4 Mel
-- 5
-- AVAILABLE
-- 011451
-- Annex Low-Usage Collection
995 ## -
-- ANNEX COLLECTION (Main Library)
-- 0.00
-- 710849
-- CBU-MAIN LIBRARY (Kitwe)
-- 3
-- 10.95
-- QA 279.4 Mel
-- 2
-- AVAILABLE
-- 011448
-- Annex Low-Usage Collection
995 ## -
-- ANNEX COLLECTION (Main Library)
-- 0.00
-- 710848
-- CBU-MAIN LIBRARY (Kitwe)
-- 5
-- 10.95
-- QA 279.4 Mel
-- 3
-- AVAILABLE
-- 011449
-- Annex Low-Usage Collection
999 ## -
-- 63409
-- 63409
Holdings
Withdrawn status Lost status Source of classification or shelving scheme Damaged status Not for loan Permanent Location Current Location Date acquired Full call number Barcode Date last seen Price effective from Koha item type Shelving location Total Checkouts
Withdrawn         CBU-MAIN LIBRARY, KITWE. CBU-MAIN LIBRARY, KITWE. 12/24/2022 QA 279.4 Mel 011447 12/24/2022 12/24/2022 MONOGRAPH    
          CBU-MAIN LIBRARY, KITWE. CBU-MAIN LIBRARY, KITWE. 12/24/2022 QA 279.4 Mel 011450 12/24/2022 12/24/2022 MONOGRAPH    
Withdrawn         CBU-MAIN LIBRARY, KITWE. CBU-MAIN LIBRARY, KITWE. 12/24/2022 QA 279.4 Mel 011451 12/24/2022 12/24/2022 MONOGRAPH    
Withdrawn         CBU-MAIN LIBRARY, KITWE. CBU-MAIN LIBRARY, KITWE. 12/24/2022 QA 279.4 Mel 011448 12/24/2022 12/24/2022 MONOGRAPH    
          CBU-MAIN LIBRARY, KITWE. CBU-MAIN LIBRARY, KITWE. 12/24/2022 QA 279.4 Mel 011449 12/24/2022 12/24/2022 MONOGRAPH